| 000 | 00759nam a2200241Ia 4500 | ||
|---|---|---|---|
| 003 | OSt | ||
| 005 | 20220925224926.0 | ||
| 006 | a|||||r|||| 00| 0 | ||
| 007 | ta | ||
| 008 | 220923b |||||||| |||| 00| 0 eng d | ||
| 037 | _cGeneral Book | ||
| 040 |
_aRTL _cRTL _beng |
||
| 041 |
_2eng _aeng |
||
| 082 | _aU475:(G:5), N7 | ||
| 100 |
_aRaberg Per Ed. _9291711 |
||
| 245 | 0 |
_aLife region _b The social and cultural ecology of sustainable development |
|
| 260 |
_aLondon _bRoutledge Published U K _c1997 |
||
| 300 |
_a456p. Appendix p. 450-56 _ccm. |
||
| 500 | _aRoutledge Studies In Deveopment And Society | ||
| 650 |
_aHuman Geography _91464 |
||
| 942 |
_hU475:(G:5), N7 _cGB _2CC |
||
| 999 |
_c582608 _d582608 |
||